Detalles MARC
| 000 -LEADER |
| fixed length control field |
01040nam a2200349 4500 |
| 001 - CONTROL NUMBER |
| control field |
002224689 |
| 003 - CONTROL NUMBER IDENTIFIER |
| control field |
DO-SdBNP |
| 005 - DATE AND TIME OF LATEST TRANSACTION |
| control field |
20180226140256.0 |
| 007 - PHYSICAL DESCRIPTION FIXED FIELD--GENERAL INFORMATION |
| fixed length control field |
002224689 |
| 008 - FIXED-LENGTH DATA ELEMENTS--GENERAL INFORMATION |
| fixed length control field |
950213r1992 sp | |||| ||spa |
| 016 7# - NATIONAL BIBLIOGRAPHIC AGENCY CONTROL NUMBER |
| Record control number |
|
| Source |
BPMSU |
| 017 ## - COPYRIGHT OR LEGAL DEPOSIT NUMBER |
| Copyright or legal deposit number |
|
| Assigning agency |
|
| 020 ## - INTERNATIONAL STANDARD BOOK NUMBER |
| International Standard Book Number |
8434823845 |
| 035 ## - SYSTEM CONTROL NUMBER |
| System control number |
|
| 040 ## - CATALOGING SOURCE |
| Original cataloging agency |
BPMSU |
| Language of cataloging |
spa |
| Transcribing agency |
BPMSU |
| Description conventions |
|
| 041 1# - LANGUAGE CODE |
| Language code of text/sound track or separate title |
spa |
| Language code of original |
|
| 080 #0 - UNIVERSAL DECIMAL CLASSIFICATION NUMBER |
| Universal Decimal Classification number |
|
| 100 1# - MAIN ENTRY--PERSONAL NAME |
| Personal name |
Wölfel, Ursula, |
| Dates associated with a name |
1922-2014. |
| 240 14 - UNIFORM TITLE |
| Uniform title |
<a href="Das blaue Wagilö">Das blaue Wagilö</a> |
| Language of a work |
Español |
| 245 13 - TITLE STATEMENT |
| Title |
El jajilé azul / |
| Statement of responsibility, etc. |
Úrsula Wölfel ; ilustraciones de Antonio Lancho ; traducción Carmen Bas. |
| Medium |
|
| 250 ## - EDITION STATEMENT |
| Edition statement |
5ª ed. |
| 260 ## - PUBLICATION, DISTRIBUTION, ETC. (IMPRINT) |
| Place of publication, distribution, etc. |
Madrid : |
| Name of publisher, distributor, etc. |
SM, |
| Date of publication, distribution, etc. |
1992. |
| 300 ## - PHYSICAL DESCRIPTION |
| Extent |
61 p. : |
| Other physical details |
il. ; |
| Dimensions |
19 cm. |
| 490 1# - SERIES STATEMENT |
| Series statement |
El barco de vapor. |
| Volume/sequential designation |
20 |
| 586 ## - AWARDS NOTE |
| Awards note |
Premio de literatura infantil de la generalitat de Cataluña, 1958 |
| 700 12 - ADDED ENTRY--PERSONAL NAME |
| Personal name |
Lancho, Antonio, |
| Relator term |
il. |
| 700 12 - ADDED ENTRY--PERSONAL NAME |
| Personal name |
Bas Álvarez, Carmen, |
| Relator term |
tr. |
| 830 #0 - SERIES ADDED ENTRY--UNIFORM TITLE |
| Uniform title |
El barco de vapor. Serie blanca |
| Volume number/sequential designation |
20 |
| Name of part/section of a work |
|
| 942 ## - ADDED ENTRY ELEMENTS (KOHA) |
| Source of classification or shelving scheme |
Dewey Decimal Classification |
| Koha item type |
Libros |
| 945 ## - LOCAL PROCESSING INFORMATION (OCLC) |
| a |
Inventariado, 2018 /LP |
| 956 ## - LOCAL ELECTRONIC LOCATION AND ACCESS (OCLC) |
| Host name |
VMATEO |
| Access number |
10 |
| Compression information |
20151209 |
| Processor of request |
BPMSU |